Infografía agroalimentaria Nayarit 2014 (Record no. 108078)

MARC details
000 -LEADER
fixed length control field 01032nam a22002417a 4500
005 - DATE AND TIME OF LATEST TRANSACTION
control field 20211124132746.0
008 - FIXED-LENGTH DATA ELEMENTS--GENERAL INFORMATION
fixed length control field 211123r2014 mx bdo gr|||| 00| 0 spa|d
020 ## - INTERNATIONAL STANDARD BOOK NUMBER
International Standard Book Number 9786079350024
050 04 - LIBRARY OF CONGRESS CALL NUMBER
Classification number HD9014.N3
Item number I54 2014
245 00 - TITLE STATEMENT
Title Infografía agroalimentaria Nayarit 2014
Statement of responsibility, etc / [Colaboradores Patricia Ornelas Ruíz ... [et al.]].
250 ## - EDITION STATEMENT
Edition statement 1a ed.
260 ## - PUBLICATION, DISTRIBUTION, ETC. (IMPRINT)
Place of publication, distribution, etc México :
Name of publisher, distributor, etc Secretaría de Agricultura, Ganadería, Desarrollo Rural, Pesca y Alimentación,
Date of publication, distribution, etc 2014
300 ## - PHYSICAL DESCRIPTION
Extent 70 p. :
Other physical details il. ;
Dimensions 20 cm.
504 ## - BIBLIOGRAPHY, ETC. NOTE
Bibliography, etc Incluye glosario e índice
650 #7 - SUBJECT ADDED ENTRY--TOPICAL TERM
Source of heading or term lemb
Topical term or geographic name as entry element Industrias alimenticias
Form subdivision Estadísticas
Geographic subdivision Nayarit
650 #7 - SUBJECT ADDED ENTRY--TOPICAL TERM
Source of heading or term lemb
Topical term or geographic name as entry element Agricultura de regiones
Form subdivision Estadísticas
Geographic subdivision Nayarit
650 #7 - SUBJECT ADDED ENTRY--TOPICAL TERM
Source of heading or term lemb
Topical term or geographic name as entry element Industrias agropecuarias
Form subdivision Estadísticas
Geographic subdivision Nayarit
700 1# - ADDED ENTRY--PERSONAL NAME
Personal name Ornelas Ruiz, Patricia,
Relator term colaborador
700 1# - ADDED ENTRY--PERSONAL NAME
Personal name Ramos Escobar, Rolando,
Relator term colaborador
700 1# - ADDED ENTRY--PERSONAL NAME
Personal name Campos Leal, José Luis,
Relator term colaborador
710 1# - ADDED ENTRY--CORPORATE NAME
Corporate name or jurisdiction name as entry element Secretaría de Agricultura, Ganadería, Desarrollo Rural, Pesca y Alimentación.
942 ## - ADDED ENTRY ELEMENTS (KOHA)
Source of classification or shelving scheme Biblioteca del Cogreso de los Estados Unidos
Koha item type Libro

No items available.